Televisió, federalisme
Descripción Física:
209 p. ; 24 cm
Colección:
Quaderns de ciències socials ; 7
MARC
| LEADER | 00000nam a2200000Ia 4500 | ||
|---|---|---|---|
| 001 | 2279 | ||
| 008 | 160829s1986 xx 000 0 cat d | ||
| 080 | |a C-1-574 | ||
| 245 | |a Televisió, federalisme | ||
| 260 | |a Barcelona : |b Diputació de Barcelona, Institut de Ciències Socials, |c 1986 | ||
| 300 | |a 209 p. ; |c 24 cm | ||
| 490 | |a Quaderns de ciències socials ; 7 | ||
| 590 | |a Referències bibliogràfiques. | ||
| 590 | |a Text en català i castellà | ||
| 650 | |a Televisió |9 31454 | ||
| 650 | |a Federalisme |9 33466 | ||
| 710 | 2 | |9 54509 |a Institut de Ciències Socials (Barcelona, Catalunya) | |
| 901 | |a Arxiu | ||
| 942 | |n 1 |2 udc | ||
| 952 | |0 0 |1 0 |4 0 |6 C1574 |7 1 |9 45603 |a Arxiu |b Arxiu |d 2016-12-01 |l 0 |o C-1-574 |p 2279 |r 2016-12-01 00:00:00 |w 2016-12-01 |y ARXIU | ||
| 999 | |c 49102 |d 49102 | ||